| 000 | 00681nam a22002177a 4500 | ||
|---|---|---|---|
| 005 | 20140310183643.0 | ||
| 008 | 131218b xxu||||| |||| 00| 0 eng d | ||
| 020 | _a9780071788557 | ||
| 050 |
_aHF 5415 _b.B737 2012 |
||
| 100 | _aBorris, Steven. | ||
| 245 |
_aStrategic lean mapping : _bblending improvement processes for the perfect solution / _cSteven Borris |
||
| 260 |
_aNew York : _bMcGrawHill, _c2012. |
||
| 300 |
_axxi, 186p. : _bill. ; _c23cm. |
||
| 504 | _aIncludes Index. | ||
| 521 | _aBSBA | ||
| 650 |
_aIndustrial efficiency _xAnalysis. |
||
| 650 | _aBusiness logistics. | ||
| 650 | _aManufacturing processes. | ||
| 942 |
_2lcc _cBK _kFOR |
||
| 999 |
_c25868 _d25868 |
||